Amorous Aspirations/ (Record no. 207512)
[ view plain ]
| 000 -LEADER | |
|---|---|
| fixed length control field | 00625nam a22002057a 4500 |
| 005 - DATE AND TIME OF LATEST TRANSACTION | |
| control field | 20250528170339.0 |
| 010 ## - LCCN (DPL NO) | |
| LC control number | ENG- 145064 ENG-142916-917 |
| 020 ## - INTERNATIONAL STANDARD BOOK NUMBER | |
| Terms of availability | 50.00 |
| 035 ## - SYSTEM CONTROL NUMBER | |
| System control number | EN-126448 |
| 035 ## - SYSTEM CONTROL NUMBER | |
| System control number | EN-128596 |
| 035 ## - SYSTEM CONTROL NUMBER | |
| System control number | EN-126449 |
| 037 ## - SOURCE OF ACQUISITION | |
| Source of stock number/acquisition | DBAD |
| 082 ## - DEWEY DECIMAL CLASSIFICATION NUMBER | |
| Edition number | 881 |
| 100 ## - MAIN ENTRY--PERSONAL NAME | |
| Personal name | Mallilarjunaiah, V. |
| 245 ## - TITLE STATEMENT | |
| Title | Amorous Aspirations/ |
| Statement of responsibility, etc | By V. Mallilarjunaiah, |
| 260 ## - PUBLICATION, DISTRIBUTION, ETC. (IMPRINT) | |
| Place of publication, distribution, etc | Bangalore |
| Name of publisher, distributor, etc | Asha Prakashana |
| Date of publication, distribution, etc | 2020 |
| 270 ## - ADDRESS | |
| Address | No. 1 Meenakshi Apartments, @nd Cross Opp Brindavan College, Bhoopasandra |
| City | Bangalore |
| Postal code | 560094 |
| 300 ## - PHYSICAL DESCRIPTION | |
| Extent | xvii, 52p. |
| Dimensions | 21cm(pb) |
| 942 ## - ADDED ENTRY ELEMENTS (KOHA) | |
| Source of classification or shelving scheme | Dewey Decimal Classification |
| Item type | English Books |
| Classification part | 881 |
| Call number suffix | MAL |
| Withdrawn status | Lost status | Not for loan | Collection code | Home library | Current library | Date acquired | Source of acquisition | Cost, normal purchase price | Full call number | Barcode | Copy number | Cost, replacement price | Koha item type |
|---|---|---|---|---|---|---|---|---|---|---|---|---|---|
| Non-fiction | Central Library | Central Library | 10/12/2024 | Delivery of Books Division | 50.00 | 881 MAL | EN-126449 | 1 | 50.00 | English Books | |||
| Fiction | New Police Line | New Police Line | 28/05/2025 | Delivery of Books Act Division | 50.00 | 881 MAL | EN-128596 | 1 | 50.00 | English Books | |||
| Non-fiction | R.K.Puram-8 | R.K.Puram-8 | 10/12/2024 | Delivery of Books Division | 50.00 | 881 MAL | EN-126448 | 1 | 50.00 | English Books |
